000 00547nam a2200193Ia 4500
003 OSt
005 20200821094543.0
008 190216s9999||||xx |||||||||||||| ||und||
020 _a9788131707937
040 _coclc
082 _a547.59
_bGIL/H
100 _aGilchrist, Thomas L
_94241
245 0 _aHeterocyclic Chemistry /
_cThomas L Gilchrist
250 _a3rd Ed.
260 _bPearson Education Asia,
_c2011.
_aNew Delhi:
300 _a414p
650 _aChemistry
942 _cBK
_2ddc
_h547.59
_iGIL/H
_k547.59
_mGIL/H
999 _c3610
_d3610